Introductory nuclear physics /

Saved in:
Bibliographic Details
Main Author: Wong, Samuel S.M.
Format: Book (Paper)
Language:English
Published: : , 1998
Tags: Add Tag
No Tags, Be the first to tag this record!
Institutions: Thư viện Trường Đại học Đà Lạt
LEADER 00538nam a2200241 4500
001 DLU020016841
005 ##12/21/2000
020 # # |a 978- 
041 # # |a eng 
082 # # |a 539.7  |b WO-S 
100 # # |a Wong, Samuel S.M. 
245 # # |a Introductory nuclear physics /  |c Samuel S.M. Wong 
260 # # |a  :  |b  ,  |c 1998 
300 # # |a 460 tr., X;   |c 24 cm. 
992 # # |a 1285380 
994 # # |a DLU 
900 # # |a False 
911 # # |a Administrator 
925 # # |a G 
926 # # |a A 
927 # # |a SH 
980 # # |a Thư viện Trường Đại học Đà Lạt